00483nam a2200193Ia 4500003000400000005001700004008004100021020002200062040000700084041000800091082001700099100002600116245004100142250000700183260006200190300001200252365001300264650001200277OSt20230530093203.0210423s2017 xx 000 0 und d a978-81-230-2328-1 cAL aeng a050.954 INDI aINDIA (Government of) aIndia 2017: a reference annual Ed 61 a61 aNew DelhibMinistry of information and broadcastingc2017 a992bPB b350cINR aSerials